Areál komunitného bývania v regióne Orava

Gespeichert in:
Bibliographische Detailangaben
1. Verfasser: Balková, Mária (Verfasst von)
Weitere Verfasser: Bránický, Filip (Betreuung Doktorarbeit)
Format: Manuskript Buch
Sprache:Slowakisch
Veröffentlicht: 2023
Schlagworte:
Online-Zugang:http://is.stuba.sk/zp/portal_zp.pl?podrobnosti=155637
https://opac.crzp.sk/?fn=detailBiblioForm&sid=0A15AC6E5E2ED0F3D5D4C3342BCF
Tags: Tag hinzufügen
Keine Tags, Fügen Sie das erste Tag hinzu!

MARC

LEADER 00000ntm a22000003a 4500
001 stuzp93866
003 SK-STU
005 20230914112528.1
007 ta
008 150427s2015----xo-----f-mn---000-0-slo-d
040 |a STU  |b slo 
041 0 |a slo 
100 1 |a Balková, Mária  |u 010310  |4 aut  |U SvF Stavebná fakulta  |T SvF Katedra architektúry  |X 103571  |U V181|V310  |Y 19  |7 103571 
242 0 1 |a Community housing complex in the Orava region  |y eng 
245 1 0 |a Areál komunitného bývania v regióne Orava 
260 |c 2023 
650 4 |a komunitné bývanie  |2 slo 
650 4 |a komunitný areál  |2 slo 
650 4 |a komunitné záhrady  |2 slo 
650 4 |a Orava  |2 slo 
650 4 |a cohousing  |2 eng 
650 4 |a community housing  |2 eng 
650 4 |a community gardens  |2 eng 
650 4 |a Orava region  |2 eng 
700 1 |a Bránický, Filip  |u 010310  |k Z1  |4 ths  |U SvF Stavebná fakulta  |T SvF Katedra architektúry  |X 49264  |U V181|V310  |Y 19  |7 A000049264 
856 4 |u http://is.stuba.sk/zp/portal_zp.pl?podrobnosti=155637 
856 4 |u https://opac.crzp.sk/?fn=detailBiblioForm&sid=0A15AC6E5E2ED0F3D5D4C3342BCF